Don Pepe: inspirador de una democracia moderna /

Wedi'i Gadw mewn:
Manylion Llyfryddiaeth
Prif Awdur: Salom Echeverría, Alberto Luis
Fformat: Texto
Pynciau:
Tagiau: Ychwanegu Tag
Dim Tagiau, Byddwch y cyntaf i dagio'r cofnod hwn!

MARC

LEADER 00000 a a2200000 04500
001 16875
003
040
100 |a Salom Echeverría, Alberto Luis  
245 |a Don Pepe:   |b inspirador de una democracia moderna /  |c Alberto Luis Salom Echeverría 
650 |a POLITICA  
650 |a JEFE DE ESTADO  
650 |a DEMOCRACIA  
650 |a LIDERAZGO  
650 |a CAPITALISMO  
650 |a COSTA RICA  
773 |g volumen 14, número 1,2,3; páginas 57-60  
999 |c 26520  |d 26520